Výrobní inženýrství a technologie /

Hlavní autor: Bílek, Ondřej, 1979-
Korporativní autor: Univerzita Tomáše Bati ve Zlíně. Technologická fakulta
Další autoři: Lukovics, Imrich, 1946-
Jazyk: Čeština
Vydáno: Ve Zlíně : Univerzita Tomáše Bati, 2014
Vydání: Vyd. 1.
Témata:
Fyzický popis: 173 s. : il., plány ; 22 cm
Knihy
Uloženo v:
LEADER 01802nam a2200481 a 4500
001 nkc20152680881
003 CZ PrNK
005 20150420161857.0
007 ta
008 150227s2014 xr ae e p 000 0 cze
015 |a cnb002680881 
020 |a 978-80-7454-471-2  |q (váz.) 
035 |a (OCoLC)908821574 
040 |a BOA001  |b cze  |d ABA001 
072 7 |a 621  |x Strojírenství  |2 Konspekt  |9 19 
072 7 |a 37.016  |x Učební osnovy. Vyučovací předměty. Učebnice  |2 Konspekt  |9 22 
080 |a 621.7/.9  |2 MRF 
080 |a 621:338.45  |2 MRF 
080 |a 62:005.83  |2 MRF 
080 |a (075.8)  |2 MRF 
100 1 |a Bílek, Ondřej,  |d 1979-  |7 mzk2008486354  |4 aut 
245 1 0 |a Výrobní inženýrství a technologie /  |c Ondřej Bílek, Imrich Lukovics 
250 |a Vyd. 1. 
260 |a Ve Zlíně :  |b Univerzita Tomáše Bati,  |c 2014 
300 |a 173 s. :  |b il., plány ;  |c 22 cm 
500 |a Nad názvem: Univerzita Tomáše Bati ve Zlíně, Fakulta technologická 
500 |a 100 výt. 
504 |a Obsahuje bibliografii 
650 0 7 |a strojírenské technologie  |7 ph184908  |2 czenas 
650 0 7 |a strojírenská výroba  |7 ph126147  |2 czenas 
650 0 7 |a výrobní technologie  |7 ph116703  |2 czenas 
650 0 9 |a mechanical technologies  |2 eczenas 
650 0 9 |a engineering production  |2 eczenas 
650 0 9 |a manufacturing technology  |2 eczenas 
655 7 |a učebnice vysokých škol  |7 fd133772  |2 czenas 
655 9 |a textbooks (higher)  |2 eczenas 
700 1 |a Lukovics, Imrich,  |d 1946-  |7 xx0037720  |4 aut 
710 2 |a Univerzita Tomáše Bati ve Zlíně.  |b Technologická fakulta  |7 kn20010709223 
910 2 |a BOA001  |b 2-1343.972 
990 |a BK 
995 |a 01 
991 |b 201504  |c NOV  |e n 
996 6 |b 2610627370  |c 2-1343.972  |l MZK  |r Sklad / do 1 hodiny  |n 13  |p p.v.  |w 001497546  |u 000010  |a 1  |e BOA001  |j MZK50  |s P